Pandai-pandailah bersyukur ni`mat

Bibliographic Details
Main Author: Natsir, M. , 1908-1993 (Author)
Format: Book
Published: Jakarta : Bulan Bintang , 1980
Subjects:

MARC

LEADER 00000cam a2200000 7i4500
001 0000007620
005 20180402093000.0
008 021119s1980
090 0 0 |a BP188.16.G7   |b N37 
100 0 |a Natsir, M. ,   |d 1908-1993 ,   |e author 
245 0 0 |a Pandai-pandailah bersyukur ni`mat   |c M. Natsir 
260 2 |a Jakarta :   |b Bulan Bintang ,   |c 1980 
300 |a 26 p. ;   |c 21 cm. 
650 0 |a Gratitude (Islam) 
650 0 |a Islamic sermons, Indonesian 
999 |a 1000006706   |b Book   |c OPEN SHELF (30 DAYS)   |e Gong Badak Campus 
999 |a 1000006707   |b Book   |c OPEN SHELF (30 DAYS)   |e Gong Badak Campus